| 000 | 00695nabaa22001817a 4500 | ||
|---|---|---|---|
| 999 |
_c6139 _d6139 |
||
| 003 | OSt | ||
| 005 | 20260122231428.0 | ||
| 008 | 190701b xxu||||| |||| 00| 0 spa d | ||
| 040 | _cPJ | ||
| 100 |
_96873 _aRivera, Fernando Manuel |
||
| 245 | 1 | 3 |
_aLos derechos de las provincias atlánticas en materia pesquera / _cFernando Manuel Rivera. |
| 300 | _ap. 172-183 | ||
| 505 | _t¿Te interesa el texto completo? Comunicate al correo: koha@justierradelfuego.gov.ar | ||
| 650 | 0 |
_9211 _aDERECHO ADMINISTRATIVO |
|
| 650 | 0 |
_96874 _aDERECHO DEL MAR |
|
| 773 | 0 |
_02842 _93251 _dBuenos Aires : AbeledoPerrot, 2012- _oDA121 _tDerecho administrativo. Nº 149 septiembre/octubre 2023 _z18510590 |
|
| 942 |
_2udc _cANA |
||